Sports Quiz

Random Sports or Play Quiz

Football clubs that play in an other country's league Quiz Stats

 Plays Quiz not verified by Sporcle

Score 0/27 Timer 06:00
0 Plays Today
League Club % Correct
EnglandSwansea City
98%
EnglandCardiff City
94%
FranceAS Monaco
92%
ItalySan Marino Calcio
72%
USAVancouver Whitecaps
72%
USAMontreal Impact
70%
RussiaFC TSK Simferopol
62%
SpainFC Andorra
56%
EnglandWrexham
54%
SwitzerlandFC Vaduz
50%
ScotlandBerwick Rangers
48%
EnglandNewport County
44%
AustraliaWellington Pheonix
44%
USAOttawa Fury
38%
League Club % Correct
IrelandDerry City
36%
USAToronto FC
36%
EnglandGuernsey F.C.
30%
EnglandMerthyr Town
16%
EnglandColwyn Bay
8%
USAFC Edmonton
8%
USAPuerto Rico Islanders
8%
RussiaFC Zhemchuzhina Yalta
6%
SingaporeBrunei DPMM FC
6%
SwedenIFK Mariehamn
6%
RussiaFC SKChF Sevastopol
4%
MalaysiaSingapore U23
4%
ChileCF Rapa Nui
4%

You're not logged in!

Compare scores with friends on all Sporcle quizzes.
OR
Log In

You Might Also Like...

Show Comments

Extras

Top Quizzes Today


Score Distribution

Your Account Isn't Verified!

In order to create a playlist on Sporcle, you need to verify the email address you used during registration. Go to your Sporcle Settings to finish the process.

Report this User

Report this user for behavior that violates our Community Guidelines.

Details: